| 000 | 01138 a2200253 4500 | ||
|---|---|---|---|
| 999 |
_c7054 _d7054 |
||
| 020 | _a0324321678 | ||
| 020 | _a032432166X | ||
| 050 | 0 | 0 | _aHB171.5 MOO 2007 |
| 100 | 1 |
_aMoomaw, Ronald L. _eauthor |
|
| 245 | 1 | 0 |
_aEconomics and contemporary issues / _cRonald L. Moomaw, Kent W. Olson. |
| 250 | _a7th ed. | ||
| 264 |
_aMason, OH : _bThomson Higher Education, _c2007. |
||
| 300 |
_axxi, 468 p. : _bill. ; |
||
| 500 | _aRev. ed. of: Economics and contemporary issues / Michael R. Edgmand, Ronald L. Moomaw, Kent W. Olson. 6th ed. c2004. | ||
| 504 | _aIncludes bibliographical references and index. | ||
| 650 | 0 | _aEconomics. | |
| 700 | 1 |
_aOlson, Kent W. _eauthor |
|
| 700 | 1 |
_aEdgmand, Michael R. _bEconomics and contemporary issues. |
|
| 856 | 4 | 1 |
_3Table of contents only _uhttp://www.loc.gov/catdir/toc/fy0703/2006922227.html |
| 856 | 4 | 2 |
_3Contributor biographical information _uhttp://www.loc.gov/catdir/enhancements/fy1514/2006922227-b.html |
| 856 | 4 | 2 |
_3Publisher description _uhttp://www.loc.gov/catdir/enhancements/fy1514/2006922227-d.html |
| 942 |
_2lcc _cBK _e7th ed. _h171.5 _iMOO _kHB |
||